| 000 | 01100nam a2200277 a 4500 | ||
|---|---|---|---|
| 005 | 20240423112809.0 | ||
| 008 | 100311s2011||||ag d f |||| 001 0 spa d | ||
| 020 | _a9789875701502 | ||
| 041 | _aspa | ||
| 092 |
_c616.89 _l9 _sBUL |
||
| 100 | 1 |
_aBulacio, Juan Manuel _92197 |
|
| 245 |
_aAnsiedad, Estrés y Práctica Clínica. _bUn enfoque moderno, humanista e integral / _cJuan Manuel Bulacio. |
||
| 250 | _a2a ed. | ||
| 260 |
_aBuenos Aires: _bLibreria Akadia Editorial; _c2011. |
||
| 300 |
_a136 p. _c15.5x22.5 cm. |
||
| 500 | _aBulacio, J. M. (2011). Ansiedad, Estrés y Práctica Clínica. Un enfoque moderno, humanista e integral. (2a ed.). Buenos Aires : Libreria Akadia editorial. | ||
| 653 | _aModelo cognitivo constructivista realista | ||
| 653 | _aEstrés | ||
| 653 | _aTrastornos de ansiedad | ||
| 653 | _aPersonalidad | ||
| 653 | _aEstrés. Ansiedad y enfermedades físicas | ||
| 653 | _aTratamiento integral | ||
| 653 | _aCreatividad, psicoeducación y calidad de vida | ||
| 653 | _aEstrés laboral, tecnoestrés, estrés educativo y estrés quirúrgico | ||
| 942 |
_2ddc _cBK |
||
| 999 |
_c1389 _d1389 |
||